| 000 | 00981nam a2200253Ia 4500 | ||
|---|---|---|---|
| 003 | OSt | ||
| 005 | 20220923211433.0 | ||
| 006 | a|||||r|||| 00| 0 | ||
| 007 | ta | ||
| 008 | 220922b |||||||| |||| 00| 0 hin d | ||
| 020 |
_a9789350001820 (hbk) _c165.75 |
||
| 024 | _a265,854 | ||
| 037 |
_b375, 17/02/2011, Vani Prakashan _cTextual |
||
| 040 |
_aARTS _cARTS _bhin |
||
| 041 |
_2hin _ahin |
||
| 082 | _aO155,2N28,EZ, 152Q0 | ||
| 100 |
_aतेंडुलकर, विजय; घोरपड़े, पद्यजा, अनु. _9160501 |
||
| 245 | 0 | _aएक जिद्दी लड़की | |
| 246 | _aEk jiddī laड़kī | ||
| 260 |
_aनयी दिल्ली _b वाणी प्रकाशन _c2010 |
||
| 300 |
_a102पृ. _ccm. |
||
| 942 |
_hO155,2N28,EZ, 152Q0 _cTEXL _2CC |
||
| 999 |
_c299517 _d299517 |
||